[Event "Agarr's Free for All 6"]
[Site "SchemingMind.com"]
[Date "2012.08.07"]
[Round "-"]
[White "fourluxflakes"]
[Black "agarr"]
[Result "1/2-1/2"]
[WhiteCountry "ENG"]
[BlackCountry "RUS"]
[WhiteElo "1929"]
[WhiteRD "110"]
[BlackElo "1746"]
[BlackRD "70"]
[GameID "315684"]

1. Nc3 e5 2. Nf3 Nc6 3. d4 exd4 4. Nxd4 Be7 5. Be3 Nf6 6. Qd2 d5 7. O-O-O Be6 8. f3 Nxd4 9. Qxd4 c5 10. Qh4 Nd7
11. Qf4 d4 12. Nb5 O-O 13. Bd2 Bxa2 14. b3 Qb6 15. e3 Bf6 16. Bc4 a6 17. Nc7 Rad8 18. Nd5 Qc6 19. Nxf6+ Nxf6 20. exd4 Rxd4
21. Qe3 b5 22. Be2 Nd5 23. Qf2 Nb4 24. Bxb4 Rxd1+ 25. Rxd1 cxb4 26. Rd3 Rc8 27. Bd1 Qf6 28. Kd2 Qf4+ 29. Qe3 Qxh2 30. Qe7 Qf4+
31. Ke1 g6 32. Kf2 Qf5 33. Rd8+ Rxd8 34. Qxd8+ Kg7 35. Qa5 Qc5+ 36. Kf1 Qd4 37. Be2 Bb1 38. Bd3 Qc3 39. Qd8 Bxc2 40. Bxc2 Qxc2
41. Qd4+ Kh6 42. Qh4+ Kg7 43. Qd4+=
1/2-1/2

[Event "Agarr's Free for All 6"]
[Site "SchemingMind.com"]
[Date "2012.08.07"]
[Round "-"]
[White "agarr"]
[Black "fourluxflakes"]
[Result "1-0"]
[WhiteCountry "RUS"]
[BlackCountry "ENG"]
[WhiteElo "1746"]
[WhiteRD "70"]
[BlackElo "1929"]
[BlackRD "110"]
[GameID "315685"]

1. e4 Nf6 2. e5 Nd5 3. Bc4 Nb6 4. Bb3 d5 5. exd6 cxd6 6. d4 g6 7. Nf3 Bg7 8. O-O O-O 9. Bg5 Bg4 10. Re1 Nc6
11. c3 Rc8 12. h3 Bxf3 13. Qxf3 Na5 14. Bxe7 Qe8 15. Nd2 Qd7 16. Bxf8 Rxf8 17. Bc2 d5 18. Re2 Nc6 19. Rae1 Nc8 20. Qg3 Nd6
21. Nf3 a6 22. Ne5 Qc7 23. Nxc6 Qxc6 24. Re7 b5 25. Ra7 b4 26. Ree7 Nb5 27. Ba4 Qc4 28. Bxb5 Qxb5 29. Qf3 bxc3 30. Rxf7
1-0

[Event "Agarr's Free for All 6"]
[Site "SchemingMind.com"]
[Date "2012.08.10"]
[Round "-"]
[White "e_castle3"]
[Black "agarr"]
[Result "1-0"]
[WhiteCountry "PHI"]
[BlackCountry "RUS"]
[WhiteElo "1833"]
[WhiteRD "63"]
[BlackElo "1746"]
[BlackRD "70"]
[GameID "315763"]

1. e4 e5 2. Nf3 Nc6 3. Bb5 Bc5 4. O-O Nd4 5. Nxd4 Bxd4 6. c3 Bb6 7. d4 exd4 8. cxd4 Ne7 9. Nc3 c6 10. Ba4 O-O
11. Bg5 f6 12. Bf4 Kh8 13. Bd6 Re8 14. Qd3 Bc7 15. Ba3 d5 16. Bc2 dxe4 17. Nxe4 Bf5 18. Rae1 Qb8 19. h3 Nd5 20. Qf3 Bg6
21. Bb3 Qd8 22. Nc5 b6 23. Ne6 Qd7 24. Nxc7 Nxc7 25. Rd1 Be4 26. Qg3 Nd5 27. Rd2 b5 28. Bc5 a5 29. Bd1 Qf7 30. a3 a4
31. Bg4 f5 32. Be2 Re6 33. f3 f4 34. fxe4 fxg3 35. Rxf7 Rxe4 36. Bd6 Rae8 37. Bxg3 Nf6 38. Bf3 R4e6 39. d5 cxd5 40. Bxd5 Nxd5
41. Rxd5
1-0

[Event "Agarr's Free for All 6"]
[Site "SchemingMind.com"]
[Date "2012.08.10"]
[Round "-"]
[White "e_castle3"]
[Black "fourluxflakes"]
[Result "1/2-1/2"]
[WhiteCountry "PHI"]
[BlackCountry "ENG"]
[WhiteElo "1833"]
[WhiteRD "63"]
[BlackElo "1929"]
[BlackRD "110"]
[GameID "315764"]

1. e4 Nf6 2. e5 Nd5 3. c4 Nb6 4. d4 d6 5. exd6 cxd6 6. h3 g6 7. Nf3 Bg7 8. Be2 O-O 9. O-O Nc6 10. a3 Bd7
11. c5 dxc5 12. dxc5 Nc8 13. Qc2 Bf5 14. Qc4 Be6 15. Qc2 Bf5 16. Qc4 Be6 17. Qc2 Bf5
1/2-1/2

[Event "Agarr's Free for All 6"]
[Site "SchemingMind.com"]
[Date "2012.08.10"]
[Round "-"]
[White "agarr"]
[Black "e_castle3"]
[Result "0-1"]
[WhiteCountry "RUS"]
[BlackCountry "PHI"]
[WhiteElo "1746"]
[WhiteRD "70"]
[BlackElo "1833"]
[BlackRD "63"]
[GameID "315765"]

1. e4 Nc6 2. Nf3 d5 3. exd5 Qxd5 4. c4 Qd8 5. d4 Bg4 6. d5 Ne5 7. Bf4 Nxf3+ 8. gxf3 Bd7 9. Nc3 g6 10. Qd4 Nf6
11. Be5 a6 12. O-O-O Bf5 13. Bd3 Qd7 14. Kb1 Bg7 15. h4 h5 16. Rhe1 Bxd3+ 17. Rxd3 O-O 18. Ne4 Qf5 19. Ng3 Qd7 20. Qf4 Rfc8
21. Rde3 c5 22. d6 Rc6 23. Bxf6 exf6 24. Re7 Qxd6 25. Qxd6 Rxd6 26. Ne4 Rb6 27. Nxc5 Rc8 28. Rxb7 Rxb7 29. Nxb7 Rxc4 30. Re4 Rc7
31. Nd6 f5 32. Rc4 Re7 33. b4 Re6 34. Nb7 Re2 35. Rc2 Rxc2 36. Kxc2 Bd4 37. Nc5 a5 38. Nd3 axb4 39. Nxb4 Bxf2 40. a4 Kf8
41. Nc6 Ke8 42. Kd3 f6 43. Ne5 fxe5
0-1

[Event "Agarr's Free for All 6"]
[Site "SchemingMind.com"]
[Date "2012.08.10"]
[Round "-"]
[White "fourluxflakes"]
[Black "e_castle3"]
[Result "1-0"]
[WhiteCountry "ENG"]
[BlackCountry "PHI"]
[WhiteElo "1956"]
[WhiteRD "101"]
[BlackElo "1769"]
[BlackRD "61"]
[GameID "315766"]

1. d4 d5 2. c4 e6 3. Nc3 c6 4. Nf3 Nd7 5. Bg5 Be7 6. Bxe7 Qxe7 7. e3 Ngf6 8. Qb3 O-O 9. Bd3 dxc4 10. Bxc4 b5
11. Bd3 a6 12. O-O c5 13. Qd1 c4 14. Be2 Nb6 15. a4 b4 16. Nb1 a5 17. Ne5 Qc7 18. Nd2 Ba6 19. Rc1 c3 20. Bxa6 Rxa6
21. bxc3 bxc3 22. Nb1 Nfd5 23. e4 Nf6 24. Nxc3 Qb7 25. Qe2 Rd8 26. Rfd1 Raa8 27. Rb1 Qc7 28. Nb5 Qb7 29. f3 Nxa4 30. Nd6 Nc3
31. Qc4 Qa6 32. Qxa6 Rxa6 33. Ndxf7 Rf8 34. Ng5 Nxd1 35. Rxd1 h6 36. Nh3 g5 37. Nf2 a4 38. Nfd3 a3 39. Nc5 Rd6 40. Nc4 Rc6
41. Nxa3 Rd8 42. Nb7 Rd7 43. Na5 Ra6 44. N3c4 g4 45. Nb3 Rc6 46. Ne5 Rc3 47. Nxd7 Nxd7 48. Nc5 Nxc5 49. dxc5 gxf3 50. gxf3 Rxf3
51. Rc1 Rf7 52. c6 Rc7 53. Kf2 e5 54. Kg3 Kg7 55. Kg4 Kg6 56. Rc5 h5+ 57. Kh4 Kh6 58. Rxe5 Rxc6 59. Rxh5+ Kg6 60. Kg4 Re6
61. Rg5+ Kh6 62. e5 Ra6 63. Kf5 Ra5 64. h4 Ra1 65. Kf6 Rf1+ 66. Rf5 Rh1 67. e6
1-0

[Event "Agarr's Free for All 6"]
[Site "SchemingMind.com"]
[Date "2012.08.12"]
[Round "-"]
[White "kpeyn"]
[Black "e_castle3"]
[Result "1-0"]
[WhiteCountry "ENG"]
[BlackCountry "PHI"]
[WhiteElo "1973"]
[WhiteRD "96"]
[BlackElo "1833"]
[BlackRD "63"]
[GameID "315903"]

1. e4 Nc6 2. Nf3 d5 3. exd5 Qxd5 4. Nc3 Qd8 5. d4 Bg4 6. Bb5 a6 7. Bxc6+ bxc6 8. h3 Bh5 9. O-O e6 10. Qd3 Nf6
11. Bg5 Be7 12. Ne5 Qd6 13. Bxf6 Bxf6 14. Ne4 Qb4 15. Nxf6+ gxf6 16. Nxc6 Qb6 17. Qc3 O-O 18. Nb4 Rfd8 19. Qg3+ Kh8 20. c3 Rg8
21. Qf4 Kg7 22. Qd2 Kf8 23. Qh6+
1-0

[Event "Agarr's Free for All 6"]
[Site "SchemingMind.com"]
[Date "2012.08.12"]
[Round "-"]
[White "kpeyn"]
[Black "agarr"]
[Result "1-0"]
[WhiteCountry "ENG"]
[BlackCountry "RUS"]
[WhiteElo "2043"]
[WhiteRD "103"]
[BlackElo "1790"]
[BlackRD "75"]
[GameID "315904"]

1. e4 e5 2. Nf3 Nc6 3. d4 exd4 4. Bc4 d6 5. Nxd4 Bd7 6. O-O Nf6 7. Nc3 Be7 8. Re1 O-O 9. h3 Ne5 10. Bf1 h6
11. Bf4 Qc8 12. Qe2 Ng6 13. Bd2 c6 14. Rad1 Nh5 15. Qxh5
1-0

[Event "Agarr's Free for All 6"]
[Site "SchemingMind.com"]
[Date "2012.08.12"]
[Round "-"]
[White "kpeyn"]
[Black "fourluxflakes"]
[Result "1-0"]
[WhiteCountry "ENG"]
[BlackCountry "ENG"]
[WhiteElo "1977"]
[WhiteRD "92"]
[BlackElo "1913"]
[BlackRD "108"]
[GameID "315905"]

1. e4 Nf6 2. e5 Nd5 3. d4 d6 4. c4 Nb6 5. exd6 cxd6 6. Nc3 g6 7. Nf3 Bg4 8. h3 Bxf3 9. Qxf3 Nc6 10. Be3 Bg7
11. O-O-O Rc8 12. h4 O-O 13. h5 Nd7 14. hxg6 fxg6 15. Qh3 Nf6 16. g4 e5 17. d5 Na5 18. Bh6 Rf7 19. b3 Bxh6+ 20. Qxh6 Nxg4
21. Qd2 Nxf2 22. Bd3 Nxd3+ 23. Qxd3 Qg5+ 24. Kb2 Qg2+ 25. Kb1 Rf3 26. Qe4 Qg3 27. Rdg1 Qf4 28. Rxg6+ Kh8 29. Rg8+ Kxg8 30. Qxh7+ Kf8
31. Qh8+
1-0

[Event "Agarr's Free for All 6"]
[Site "SchemingMind.com"]
[Date "2012.08.12"]
[Round "-"]
[White "e_castle3"]
[Black "kpeyn"]
[Result "1-0"]
[WhiteCountry "PHI"]
[BlackCountry "ENG"]
[WhiteElo "1840"]
[WhiteRD "60"]
[BlackElo "1922"]
[BlackRD "92"]
[GameID "315906"]

1. e4 e5 2. Nf3 Nc6 3. Bb5 a6 4. Ba4 Nf6 5. O-O Be7 6. Bxc6 dxc6 7. Nc3 Bg4 8. h3 Bh5 9. d3 h6 10. g4 Nxg4
11. hxg4 Bxg4 12. Qe2 Qd6 13. Qe3 h5 14. Nh2 Qg6 15. Kh1 Qh7 16. Qg3 O-O-O 17. f4 exf4 18. Bxf4 Rd7 19. Kg2 g5 20. Be5 f6
21. Bxf6 Bxf6 22. Rxf6 Rf7 23. Raf1 Rxf6 24. Rxf6 Qe7 25. Nxg4 hxg4 26. Qxg4+ Kb8 27. Qxg5 Qh7 28. Kf2 Qh2+ 29. Ke1 Qxc2 30. Rf2 Rh1+
31. Rf1 Rxf1+ 32. Kxf1 Qxd3+ 33. Ke1 b5 34. a3 a5 35. Qd2 Qg3+ 36. Qf2 Qd3 37. e5 b4 38. axb4 axb4 39. Qf8+ Kb7 40. Qxb4+ Kc8
41. Qe4 Qg3+ 42. Kd2 Qh2+ 43. Qe2 Qf4+ 44. Kc2 Qf5+ 45. Kb3 Qe6+ 46. Ka3 Kd7 47. b4 Qh3 48. e6+ Ke7 49. Qc4 Qxe6 50. Qxe6+ Kxe6
51. Kb3
1-0

[Event "Agarr's Free for All 6"]
[Site "SchemingMind.com"]
[Date "2012.08.16"]
[Round "-"]
[White "agarr"]
[Black "kpeyn"]
[Result "0-1"]
[WhiteCountry "RUS"]
[BlackCountry "ENG"]
[WhiteElo "1790"]
[WhiteRD "75"]
[BlackElo "2043"]
[BlackRD "103"]
[GameID "315907"]

1. e4 e5 2. Nf3 Nc6 3. Bc4 Nf6 4. Nc3 Nxe4 5. Bxf7+ Kxf7 6. Nxe4 d5 7. Neg5+ Kg8 8. O-O h6 9. Nh3 Bg4 10. d3 Nd4
0-1

[Event "Agarr's Free for All 6"]
[Site "SchemingMind.com"]
[Date "2012.08.12"]
[Round "-"]
[White "fourluxflakes"]
[Black "kpeyn"]
[Result "1-0"]
[WhiteCountry "ENG"]
[BlackCountry "ENG"]
[WhiteElo "1929"]
[WhiteRD "110"]
[BlackElo "1973"]
[BlackRD "96"]
[GameID "315908"]

1. Nc3 Nf6 2. d4 d5 3. Bg5 e6 4. e4 dxe4 5. Nxe4 Nbd7 6. Nf3 Be7 7. Ng3 h6 8. Bf4 O-O 9. Bd3 Nb6 10. O-O Bd6
11. Qd2 Bxf4 12. Qxf4 Nbd5 13. Qd2 b6 14. c4 Ne7 15. Qf4 Qd6 16. Qe3 Bb7 17. Rfd1 Rfe8 18. Ne5 c5 19. dxc5 bxc5 20. Bh7+
1-0

[Event "Agarr's Free for All 6"]
[Site "SchemingMind.com"]
[Date "2012.09.04"]
[Round "-"]
[White "esteves101"]
[Black "e_castle3"]
[Result "1-0"]
[WhiteCountry "PHI"]
[BlackCountry "PHI"]
[WhiteElo "1939"]
[WhiteRD "97"]
[BlackElo "1835"]
[BlackRD "62"]
[GameID "317265"]

1. e4 c6 2. Nf3 d5 3. exd5 Qxd5 4. Be2 h6 5. Nc3 Qd8 6. O-O Qc7 7. d4 Nf6 8. d5 cxd5 9. Nb5 Qd8 10. Bf4 Na6
11. Be3 b6 12. Ne5 Bb7 13. Nxa7 Nb8 14. Bb5+ Nfd7 15. Qf3
1-0

[Event "Agarr's Free for All 6"]
[Site "SchemingMind.com"]
[Date "2012.09.04"]
[Round "-"]
[White "esteves101"]
[Black "agarr"]
[Result "1-0"]
[WhiteCountry "PHI"]
[BlackCountry "RUS"]
[WhiteElo "1939"]
[WhiteRD "97"]
[BlackElo "1790"]
[BlackRD "75"]
[GameID "317266"]

1. e4 e5 2. Nf3 Nc6 3. Bb5 Bc5 4. O-O d6 5. d4 exd4 6. b4 Bb6 7. a4 a6 8. Bxc6+ bxc6 9. Nxd4 c5 10. bxc5 Bxc5
11. Nb3 Bb6 12. a5 Ba7 13. Qd5 Bd7 14. Bb2 Ne7 15. Qg5 h5 16. Bxg7 Rg8 17. Nc3 Bd4 18. Nxd4
1-0

[Event "Agarr's Free for All 6"]
[Site "SchemingMind.com"]
[Date "2012.09.08"]
[Round "-"]
[White "esteves101"]
[Black "fourluxflakes"]
[Result "0-1"]
[WhiteCountry "PHI"]
[BlackCountry "ENG"]
[WhiteElo "2016"]
[WhiteRD "86"]
[BlackElo "1929"]
[BlackRD "110"]
[GameID "317267"]

1. e4 Nf6 2. e5 Nd5 3. c4 Nb6 4. c5 Nd5 5. Bc4 c6 6. Nc3 e6 7. Bxd5 cxd5 8. d4 b6 9. b4 a5 10. Na4 axb4
11. Nxb6 Ra7 12. Nf3 Ba6 13. Ng5 h6 14. Nf3 Nc6 15. Qc2 Be7 16. Bd2 Qc7 17. Qb2 O-O 18. Bxb4 Nxb4 19. Qxb4 Rb8 20. a4 f6
21. exf6 Bxf6 22. Qd2 d6 23. Rc1 dxc5 24. dxc5 Be7 25. Qe3 Bxc5 26. Rxc5 Qxb6 27. Rc1 Qa5+ 28. Nd2 Re7 29. Ra1 Rb2
0-1

[Event "Agarr's Free for All 6"]
[Site "SchemingMind.com"]
[Date "2012.09.05"]
[Round "-"]
[White "esteves101"]
[Black "kpeyn"]
[Result "1-0"]
[WhiteCountry "PHI"]
[BlackCountry "ENG"]
[WhiteElo "2016"]
[WhiteRD "86"]
[BlackElo "1973"]
[BlackRD "96"]
[GameID "317268"]

1. e4 e5 2. Nf3 Nc6 3. Bb5 a6 4. Bxc6 dxc6 5. O-O Qf6 6. d4 exd4 7. Bg5 Qd6 8. e5 Qg6 9. Qxd4 Be7 10. Bxe7 Nxe7
11. Nc3 O-O 12. Rad1 Bg4 13. Nh4 Qg5 14. f3 Nf5 15. Qxg4 Qxg4 16. fxg4 Nxh4 17. Rd7 Rad8 18. Rfxf7 Rxf7 19. Rxd8+ Rf8 20. Rd7 Re8
21. Rxc7 Rxe5 22. Rxb7 Re1+ 23. Kf2 Rc1 24. Kg3 Ng6 25. Rb8+ Kf7 26. Rb6 Rxc2 27. Rxa6 Rxb2 28. Rxc6 Rc2 29. a4 Ke8 30. a5 Kd7
31. Rc4 Ne5 32. Rc5 Nc6 33. a6 Rc1 34. Na4 Ra1 35. Ra5 Nxa5 36. a7 Rxa4 37. a8=Q Ke7 38. Qd5 Kf8 39. Qd8+
1-0

[Event "Agarr's Free for All 6"]
[Site "SchemingMind.com"]
[Date "2012.09.04"]
[Round "-"]
[White "e_castle3"]
[Black "esteves101"]
[Result "0-1"]
[WhiteCountry "PHI"]
[BlackCountry "PHI"]
[WhiteElo "1833"]
[WhiteRD "63"]
[BlackElo "2016"]
[BlackRD "86"]
[GameID "317269"]

1. e4 e5 2. Nf3 Nf6 3. Nc3 Bb4 4. a3 Bxc3 5. dxc3 O-O 6. Bd3 d5 7. Nd2 dxe4 8. Nxe4 Nxe4 9. Bxe4 Qxd1+ 10. Kxd1 c6
11. h3 Be6 12. b3 Rd8+ 13. Ke2 f5 14. Bd3 e4 15. Bc4 Bxc4+ 16. bxc4 Kf7 17. Bg5 Rd7 18. Rad1 Ke6 19. f3 h6 20. Bc1 Rxd1
21. Rxd1 Nd7 22. fxe4 fxe4 23. Rd4 Nf6 24. c5 Re8 25. c4 Kf7 26. Bf4 Kg6 27. g4 Re7 28. Rd6 Kf7 29. g5 hxg5 30. Bxg5 Re5
31. Bxf6 gxf6 32. Rd7+ Re7 33. Rd8 Kg6 34. Rd6 Rh7 35. Ke3 Kf5 36. Rd4 Rxh3+
0-1

[Event "Agarr's Free for All 6"]
[Site "SchemingMind.com"]
[Date "2012.09.04"]
[Round "-"]
[White "agarr"]
[Black "esteves101"]
[Result "0-1"]
[WhiteCountry "RUS"]
[BlackCountry "PHI"]
[WhiteElo "1790"]
[WhiteRD "75"]
[BlackElo "1939"]
[BlackRD "97"]
[GameID "317270"]

1. e4 e5 2. Nf3 Nf6 3. Bc4 Nxe4 4. Qe2 d5 5. Bb3 f6 6. d3 Nc5 7. d4 Nxb3 8. axb3 e4 9. O-O Be7 10. Nfd2 O-O
11. Re1 Nc6 12. c3 Bd6 13. Qh5 Be6 14. f3 f5 15. b4 a6 16. Nb3 f4 17. fxe4 dxe4 18. Nc5 Bxc5 19. bxc5 f3 20. Rf1 Nxd4
21. Qe5 Ne2+ 22. Kh1 fxg2+ 23. Kxg2 Qd7
0-1

[Event "Agarr's Free for All 6"]
[Site "SchemingMind.com"]
[Date "2012.09.08"]
[Round "-"]
[White "fourluxflakes"]
[Black "esteves101"]
[Result "0-1"]
[WhiteCountry "ENG"]
[BlackCountry "PHI"]
[WhiteElo "1929"]
[WhiteRD "110"]
[BlackElo "2016"]
[BlackRD "86"]
[GameID "317271"]

1. Nc3 d5 2. e4 d4 3. Nce2 e5 4. Nf3 Nc6 5. Ng3 h5 6. h4 Bg4 7. Be2 Be7 8. d3 Bxf3 9. Bxf3 g6 10. O-O Bxh4
11. Ne2 g5 12. g3 g4 13. Bg2 Bf6 14. c3 h4 15. cxd4 h3 16. Bh1 exd4 17. Kh2 Qd7 18. Bf4 O-O-O 19. Rc1 Nge7 20. b4 Ne5
21. Rc5 N7g6 22. Qc2 Qe7 23. Rc1 Rd7 24. Nxd4 Nxf4 25. gxf4 g3+ 26. fxg3 Ng4+
0-1

[Event "Agarr's Free for All 6"]
[Site "SchemingMind.com"]
[Date "2012.09.06"]
[Round "-"]
[White "kpeyn"]
[Black "esteves101"]
[Result "0-1"]
[WhiteCountry "ENG"]
[BlackCountry "PHI"]
[WhiteElo "1973"]
[WhiteRD "96"]
[BlackElo "2016"]
[BlackRD "86"]
[GameID "317272"]

1. e4 e5 2. d4 exd4 3. Qxd4 Nc6 4. Qe3 Nf6 5. Nc3 Bb4 6. Bd2 O-O 7. O-O-O Re8 8. Qg3 Nxe4 9. Nxe4 Rxe4 10. c3 Be7
11. Bd3 Bh4 12. Qf3 Re8 13. Qh5 g6 14. Qh6 Ne5 15. Bc2 Ng4 16. Qf4 Nxf2 17. Rf1 Nxh1 18. Qxf7+ Kh8 19. c4 Bg5 20. Bxg6 Bxd2+
21. Kxd2 Qg5+
0-1

[Event "Agarr's Free for All 6"]
[Site "SchemingMind.com"]
[Date "2012.09.13"]
[Round "-"]
[White "emvarela"]
[Black "e_castle3"]
[Result "1-0"]
[WhiteCountry "ARG"]
[BlackCountry "PHI"]
[WhiteElo "1743"]
[WhiteRD "47"]
[BlackElo "1769"]
[BlackRD "61"]
[GameID "317514"]

1. e4 Nc6 2. d4 d5 3. e5 Bf5 4. Nf3 e6 5. Bb5 Qd7 6. Be3 a6 7. Bxc6 Qxc6 8. c3 h6 9. Nbd2 Qb5 10. Nb3 Ne7
11. a4 Qb6 12. O-O g5 13. Nfd2 Bg7 14. c4 c6 15. c5 Qc7 16. f4 gxf4 17. Bxf4 O-O-O 18. Qe2 h5 19. Bg5 Rdg8 20. Bxe7 Qxe7
21. Nf3 h4 22. Na5 Bh6 23. b4 Bh3 24. Nxc6 bxc6 25. Qxa6+ Qb7 26. Qxb7+ Kxb7 27. Ra2 Be3+ 28. Kh1 Bg4 29. a5 Bxf3 30. Rxf3 Bxd4
31. a6+ Ka7 32. Rxf7+ Ka8 33. a7 Bxe5 34. Ra6 Rc8 35. Re7 Rhf8 36. g3 hxg3 37. hxg3 Bxg3 38. Rxe6 Kb7 39. Rb6+ Kxa7 40. Re3 Rh8+
41. Kg2 Rcg8 42. Ra3#
1-0

[Event "Agarr's Free for All 6"]
[Site "SchemingMind.com"]
[Date "2012.09.14"]
[Round "-"]
[White "emvarela"]
[Black "agarr"]
[Result "1-0"]
[WhiteCountry "ARG"]
[BlackCountry "RUS"]
[WhiteElo "1757"]
[WhiteRD "48"]
[BlackElo "1727"]
[BlackRD "79"]
[GameID "317515"]

1. e4 e5 2. Nf3 Nc6 3. Bb5 Nd4 4. Nxd4 exd4 5. O-O g6 6. d3 Bg7 7. Qf3 Ne7 8. Bg5 O-O 9. Bc4 d6 10. Bxe7 Qxe7
11. Nd2 c5 12. Bd5 Be6 13. Bxe6 fxe6 14. Qg3 d5 15. exd5 exd5 16. Rae1 Qd7 17. Nf3 Rf5 18. Re2 Raf8 19. Rfe1 Qb5 20. Re7 R5f7
21. Rxf7 Rxf7 22. Ng5 Rf8 23. Qd6 Qxb2 24. Qxd5+ Kh8 25. Nf7+ Kg8 26. Nh6+ Kh8 27. Qg8+
1-0

[Event "Agarr's Free for All 6"]
[Site "SchemingMind.com"]
[Date "2012.09.14"]
[Round "-"]
[White "emvarela"]
[Black "fourluxflakes"]
[Result "0-1"]
[WhiteCountry "ARG"]
[BlackCountry "ENG"]
[WhiteElo "1757"]
[WhiteRD "48"]
[BlackElo "1943"]
[BlackRD "106"]
[GameID "317516"]

1. e4 Nf6 2. e5 Nd5 3. d4 d6 4. Nf3 Bg4 5. Be2 c6 6. O-O Bxf3 7. Bxf3 dxe5 8. dxe5 e6 9. Bxd5 cxd5 10. Be3 Nc6
11. f4 Be7 12. c3 O-O 13. Qg4 Rc8 14. Bd4 Nxd4 15. cxd4 Qb6 16. Nd2 Qxd4+
0-1

[Event "Agarr's Free for All 6"]
[Site "SchemingMind.com"]
[Date "2012.09.12"]
[Round "-"]
[White "emvarela"]
[Black "kpeyn"]
[Result "1-0"]
[WhiteCountry "ARG"]
[BlackCountry "ENG"]
[WhiteElo "1757"]
[WhiteRD "48"]
[BlackElo "1922"]
[BlackRD "92"]
[GameID "317517"]

1. e4 e5 2. Nf3 Nc6 3. Bb5 a6 4. Bxc6 dxc6 5. O-O Qf6 6. Nc3 Bg4 7. d3 O-O-O 8. Bg5 Bxf3 9. Bxf6 Bxd1 10. Bxd8 Bxc2
11. Bh4 f6 12. Rac1 Bxd3 13. Rfe1 g5 14. Bg3 h5 15. h4 Bd6 16. Re3 Bb5 17. Nxb5 cxb5 18. Rd3 Kb8 19. hxg5 fxg5 20. Rd5 Ne7
21. Bxe5 Nxd5 22. Bxh8 Nf4 23. Rc2 Bb4 24. Be5 Bd6 25. Bxf4 Bxf4 26. g3 Bd6 27. Re2 Be5 28. b3 Kc8 29. Rd2 Bd6 30. Rd5
1-0

[Event "Agarr's Free for All 6"]
[Site "SchemingMind.com"]
[Date "2012.09.13"]
[Round "-"]
[White "emvarela"]
[Black "esteves101"]
[Result "0-1"]
[WhiteCountry "ARG"]
[BlackCountry "PHI"]
[WhiteElo "1757"]
[WhiteRD "48"]
[BlackElo "2038"]
[BlackRD "86"]
[GameID "317518"]

1. e4 e5 2. Nf3 Nf6 3. Nxe5 Qe7 4. d4 d6 5. Nf3 Nxe4 6. Be2 Bf5 7. O-O Nd7 8. Re1 O-O-O 9. Nc3 Ndf6 10. Nxe4 Bxe4
11. Bg5 h6 12. Bxf6 Qxf6 13. c3 Be7 14. Bc4 d5 15. Bd3 Bxf3 16. Qxf3 Qxf3 17. gxf3 Rde8 18. Re2 Bd6 19. Rae1 Kd8 20. Rxe8+ Rxe8
21. Rxe8+ Kxe8 22. b4 c6 23. h3 Bf4 24. c4 Bd2 25. b5 Kd7 26. bxc6+ bxc6 27. cxd5 cxd5 28. Bf5+ Kc6 29. Kf1 Bc3 30. Ke2 Bxd4
31. Bc2 g5 32. Bb3 Kc5 33. f4 gxf4 34. Kf3 Kd6 35. Kxf4 Bxf2 36. Kf5 Bh4 37. Kg4 Bg5 38. h4 Bf6 39. h5 Ke5 40. Kf3 Bd8
41. Ke3 Bb6+ 42. Kf3 Bc5
0-1

[Event "Agarr's Free for All 6"]
[Site "SchemingMind.com"]
[Date "2012.09.14"]
[Round "-"]
[White "e_castle3"]
[Black "emvarela"]
[Result "1-0"]
[WhiteCountry "PHI"]
[BlackCountry "ARG"]
[WhiteElo "1840"]
[WhiteRD "60"]
[BlackElo "1757"]
[BlackRD "48"]
[GameID "317519"]

1. e4 e5 2. Nf3 Nc6 3. b3 Nf6 4. d3 Bc5 5. h3 d5 6. exd5 Nxd5 7. Bb2 f6 8. Nbd2 Be6 9. Ne4 Bb6 10. g3 Nd4
11. Nxd4 Bxd4 12. c3 Bb6 13. Bg2 c6 14. Qh5+ Ke7 15. O-O Qe8 16. Qe2 g5 17. c4 Nc7 18. Qf3 Qg6 19. b4 Bd4 20. Bxd4 exd4
21. Rfe1 Rae8 22. Nc5 Kd6 23. Nxb7+
1-0

[Event "Agarr's Free for All 6"]
[Site "SchemingMind.com"]
[Date "2012.09.12"]
[Round "-"]
[White "agarr"]
[Black "emvarela"]
[Result "1-0"]
[WhiteCountry "RUS"]
[BlackCountry "ARG"]
[WhiteElo "1727"]
[WhiteRD "79"]
[BlackElo "1757"]
[BlackRD "48"]
[GameID "317520"]

1. e4 e5 2. Nf3 Nc6 3. Bc4 Nf6 4. d3 Bc5 5. Bg5 h6 6. Bh4 d6 7. c3 O-O 8. b4 Bb6 9. Qb3 Qe7 10. O-O a5
11. b5 Na7 12. a4 Be6 13. Na3 Bxc4 14. Nxc4 Qe6 15. Rab1 g5 16. Bg3 Nd7 17. Nxb6 Qxb3 18. Rxb3 cxb6 19. d4 f6 20. Rd1 Rf7
21. c4 exd4 22. Rxd4 Ne5 23. Nxe5 dxe5 24. Rd6 Rc8 25. Rc3 Rfc7 26. Rxb6 Rxc4 27. Rxc4 Rxc4 28. f3 Rxa4 29. Rxb7 Ra1+ 30. Kf2 Nxb5
31. Rxb5 a4 32. Ra5 a3 33. Ke2 Ra2+ 34. Kf1 Ra1+ 35. Be1 a2 36. Kf2 Kg7 37. g4 Kg6 38. Ke2 h5 39. gxh5+ Kxh5 40. Kd2 g4
41. f4 Kg6 42. f5+ Kg5 43. Ke2 Kf4 44. Ra4 Rb1 45. Bd2#
1-0

[Event "Agarr's Free for All 6"]
[Site "SchemingMind.com"]
[Date "2012.09.14"]
[Round "-"]
[White "fourluxflakes"]
[Black "emvarela"]
[Result "1-0"]
[WhiteCountry "ENG"]
[BlackCountry "ARG"]
[WhiteElo "1943"]
[WhiteRD "106"]
[BlackElo "1757"]
[BlackRD "48"]
[GameID "317521"]

1. Nc3 e5 2. Nf3 Nc6 3. d4 exd4 4. Nxd4 Nf6 5. Bg5 Bb4 6. Qd3 O-O 7. O-O-O Bxc3 8. Qxc3 Nxd4 9. Rxd4 d5 10. Qf3 c6
11. e3 Qa5 12. Bd3 Qxa2 13. Bxf6 gxf6 14. Qg3+ Kh8 15. Bxh7 Qa1+ 16. Kd2 Qxb2 17. Rh4
1-0

[Event "Agarr's Free for All 6"]
[Site "SchemingMind.com"]
[Date "2012.09.12"]
[Round "-"]
[White "kpeyn"]
[Black "emvarela"]
[Result "1-0"]
[WhiteCountry "ENG"]
[BlackCountry "ARG"]
[WhiteElo "1922"]
[WhiteRD "92"]
[BlackElo "1757"]
[BlackRD "48"]
[GameID "317522"]

1. e4 e5 2. d4 exd4 3. Qxd4 Nc6 4. Qe3 Nf6 5. Nc3 Bb4 6. Bd2 O-O 7. O-O-O Re8 8. Qg3 Rxe4 9. a3 Ba5 10. h4 Rg4
11. Qh2 d6 12. Be2 Bxc3 13. Bxc3 Qe7 14. Bxg4 Nxg4 15. Qg3 Qe6 16. Re1 Nge5 17. f4 Qh6 18. Kb1 Ng6 19. Re8+ Nf8 20. Nh3 Bxh3
21. Rxa8
1-0

[Event "Agarr's Free for All 6"]
[Site "SchemingMind.com"]
[Date "2012.09.12"]
[Round "-"]
[White "esteves101"]
[Black "emvarela"]
[Result "1-0"]
[WhiteCountry "PHI"]
[BlackCountry "ARG"]
[WhiteElo "2039"]
[WhiteRD "87"]
[BlackElo "1731"]
[BlackRD "50"]
[GameID "317523"]

1. e4 e5 2. Nf3 Nc6 3. Bb5 a6 4. Ba4 Nf6 5. O-O Be7 6. Bxc6 dxc6 7. Nxe5 Nxe4 8. Re1 Nc5 9. d4 Ne6 10. Be3 O-O
11. Nc3 f6 12. Nc4 Bb4 13. a3 Bxc3 14. bxc3 Qd5 15. Qd3 b5 16. Nd2 Bb7 17. c4 bxc4 18. Qxc4 Qxc4 19. Nxc4 Rfd8 20. Na5 Rab8
21. c4 Nxd4 22. Bxd4 Rxd4 23. Rab1 g6 24. g3 Rd3 25. Re7
1-0